000 00739cam a2200277 4500500
005 20260329005106.0
041 _afre
042 _adc
100 1 0 _aSorente, Isabelle
_eauthor
245 0 0 _aLe rêve de Descartes
260 _c2022.
500 _a21
690 _aDescartes
690 _aGafa
690 _aIsabelle Sorente
690 _aMétavers
690 _aPerception
690 _aPoésie
690 _aPortrait
690 _aRationalisme
690 _aRationalité
690 _aRêve
690 _aVérité
786 0 _nPhilosophie magazine | 160 | 6 | 2022-06-01 | p. 21-21 | 1951-1787
856 4 1 _uhttps://shs.cairn.info/magazine-philosophie-magazine-2022-6-page-21?lang=fr&redirect-ssocas=7080
999 _c1840215
_d1840215